Broken Window Serenade - Whiskey Myers - Statistics

General Stats
  • This quiz has been taken 162 times
  • The average score is 244 of 315
Answer Stats
Answer % Correct
a
100%
i
96%
of
94%
the
94%
you
94%
and
90%
broken
90%
through
90%
window
90%
to
89%
your
89%
flower
87%
what
87%
with
87%
saw
86%
couple
85%
that
85%
brought
83%
long
83%
depression
82%
different
82%
know
82%
sin
82%
thought
82%
view
82%
be
80%
flowers
80%
from
80%
point
80%
pretty
80%
should
80%
signs
80%
time
80%
as
77%
it
77%
line
77%
go
76%
is
76%
no
76%
so
76%
by
75%
can
75%
for
75%
love
75%
was
75%
me
73%
had
72%
lay
72%
have
70%
rose
70%
story
70%
thats
70%
that's
70%
but
69%
face
69%
tells
69%
been
68%
dancin'
68%
dollar
68%
down
68%
places
68%
buy
66%
take
66%
155
65%
crystal
65%
at
63%
my
63%
slowly
63%
work
63%
bout'
62%
land
62%
could
61%
diamond
61%
hand
61%
meth
61%
out
61%
change
59%
creek
59%
daddy's
59%
got
59%
in
59%
just
59%
they
59%
world
59%
you're
59%
hurts
58%
money
58%
now
58%
off
58%
stay
58%
tryin'
58%
ago
56%
alive
56%
cannot
56%
death
56%
girl
56%
addiction
55%
ain't
55%
feed
55%
hollywood
55%
life
55%
never
55%
plead
55%
away
54%
begin
54%
big
54%
can't
54%
devil
54%
fade
54%
grave
54%
looks
54%
movie
54%
muddy
54%
star
54%
takes
54%
watched
54%
water's
54%
youll
54%
cause
52%
deal
52%
baby
51%
flowin'
51%
laughin'
51%
low
51%
make
51%
yeah
51%
barely
49%
fragile
49%
catch
48%
slipped
48%
tears
48%
breaks
46%
gonna
46%
more
46%
recognize
46%
singer
46%
state
46%
hard
45%
holler
44%
past
42%
cold
41%
rain
41%
pourin'
39%
throw
35%
No matching quizzes found
Score Distribution
Percent of People with Each Score
Percentile by Number Answered
Your Score History
You have not taken this quiz